Statistics for WWE Royal Rumble 2017 Quiz

Click here to take the quiz!

General Stats

  • This quiz has been taken 3,200 times
  • The average score is 10 of 15

Answer Stats

HintAnswer% Correct
Number 30 EntrantRoman Reigns
82%
New and 16x world championJohn Cena
81%
Royal Rumble WinnerRandy Orton
79%
Retained Universal championshipKevin Owens
76%
Guy who was eliminated by GoldbergBrock Lesnar
76%
Woman who went 16-0 in ppvCharlotte
75%
Above best friend in shark cageChris Jericho
74%
Man who lost WWE TitleAJ Styles
71%
Hugging woman who lost to 16-0 queenBayley
69%
New Cruiserweight ChampNeville
65%
Number 1 EntrantBig Cass
60%
Number 10 entrantTye Dillinger
52%
Dominant woman on kickoff showNia Jax
47%
Two men who became tag champsGallows and Anderson
26%
Guy who everyone thought would be in itSamoa Joe
19%

Score Distribution

Percentile by Number Answered

Percent of People with Each Score

Your Score History

You have not taken this quiz